000 00339nam a22001217a 4500
999 _c208
_d208
005 20200810171051.0
008 200810b ||||| |||| 00| 0 eng d
020 _a0713415819
040 _cCML
245 _aWorld Population.
_cPalmer, M.
260 _aLondon
_bBatsford, B.T.
_c1973
942 _2ddc
_cBK
_e1st Edition
_h301
_mPAL